Chinese Vocab 1 - Statistics

General Stats
  • This quiz has been taken 60 times
  • The average score is 29 of 48
Answer Stats
Hint Answer % Correct
chá tea
100%
Go
100%
不好吃 bù hǎochī not tasty
94%
老师 lǎoshī Teacher
94%
米饭 mǐfàn rice
89%
杯子 bēizi cup
88%
chī Eat
88%
咖啡 kāfēi Coffee
88%
hot (temperature)
88%
中国 Zhōngguó China
88%
chá Tea
87%
shuǐ water
87%
美国 Měiguó America
86%
fish
85%
茶店 chādiàn Teahouse
83%
法国 Fǎguó France
83%
日本 Rìběn Japan
81%
奶茶 nǎichá milk tea
80%
大学 dàxué University
79%
shū Book
79%
音乐 yīnyuè Music
79%
热水 rèshuǐ hot water
77%
好吃 hǎochī tasty/delicious
76%
diàn Electricity
75%
英国 Yīngguó The UK
75%
有名 yǒumíng Famous
74%
电脑 diànnǎo Computer
73%
老婆 lǎopó Wife
73%
西 West
73%
不辣 bù là not spicy
71%
大学生 dàxuéshēng College Student
71%
lěng cold
71%
中学生 zhōngxuéshēng Middle School Student
71%
朋友 péngyǒu Friend
70%
tāng soup
70%
所以 suǒyǐ Therefore
69%
学生 xuéshēng Student
69%
老公 lǎogōng Husband
68%
安静 ānjìng Quiet
67%
东西 dōngxi Things
67%
饭馆 fànguǎn Restaurant
67%
Drink
67%
鸡肉 jīròu chicken
67%
spicy
67%
牛肉 niúròu beef
67%
学习 xuéxí To study
67%
韩国 Hánguó South Korea
65%
dōng East
63%
鸡蛋 jīdàn egg
62%
tián sweet
62%
下次 xiàcì Next time
62%
猪肉 zhūròu pork
61%
书店 shūdiàn Bookstore
60%
豆腐 dòufu tofu
59%
服务员 fúwùyuán waiter/server
59%
gāo Tall
59%
位子 wèizi seat
59%
杯子 bēizi cup/glass
58%
些东西 xiē dōngxi Some things
58%
一起 yìqǐ Together
58%
Than
57%
高兴 gāoxìng Happy
57%
超市 chāoshì Supermarket
56%
筷子 kuàizi chopsticks
56%
面条 miàntiáo noodles
55%
面条 miàntiáo noodles
55%
点菜 diǎncài order (verb)
54%
生病 shēngbìng To get sick
54%
xiē Some
54%
菜单 càidān menu
53%
汽水 qìshuǐ soda
53%
spicy
52%
炒菜 chǎocài stir-fried dish
50%
jiǔ alcohol
50%
怎么 zěnme How
50%
桌子 zhuōzi table
50%
鸭肉 yāròu duck
48%
果汁 guǒzhī juice
47%
勺子 sháozi spoon
46%
nǎo Brain
44%
安静地 ānjìng de Quietly
43%
买单 mǎidān bill/check
43%
啤酒 píjiǔ beer
43%
wǎn bowl
43%
筷子 kuàizi chopsticks
42%
蔬菜 shūcài vegetable
41%
高兴地 gāoxìng de Happily
38%
叉子 chāzi fork
37%
盘子 pánzi plate
36%
果汁 guǒzhī juice
35%
海鲜 hǎixiān seafood
35%
纸巾 zhǐjīn napkins
35%
纸巾 zhǐjīn napkin
35%
炒饭 chǎofàn fried rice
33%
màn Slow
33%
火锅 huǒguō spicy hot pot
29%
生气地 shēngqì de Angrily
29%
辣酱 làjiàng spicy sauce
25%
饺子 jiǎozi dumplings
17%
xián salty
13%
No matching quizzes found
Score Distribution
Percent of People with Each Score
Percentile by Number Answered
Your Score History
You have not taken this quiz